000 00587nam a22002297a 4500
003 UA-OsUOA
001 96265
007 ta
008 20130318b un ||||| |||| 00| 0 ukr d
100 _aКондратенко В.
090 _a821.161.1
_bК64
942 _cBK
040 _aUA-OsUOA
_brus
_cUA-OsUOA
_dUA-OsUOA
245 _aВ отблеске гроз
300 _a660 с.
955 _a3
041 _arus
080 _a821.161.1
260 _aК.
_bДніпро
_c1986
650 7 _a82 Література. Літературознавство
_2UDC
999 _c382516
_d382516